LEADER 00833nam a2200217 i 4500 001 000000185647 003 CaOOAMICUS 005 20100210000000.0 008 100210s1933 it u000 u ita u 013 $a163681 040 $aSeMil$bita 245 10$aDella completa offerta di sč a Dio. 260 $aDomodossola :$bSALE Sodalitas,$c1933. 300 $a77 p. ;$c20 cm. 490 0 $aPiccola collana di Charitas 650 4$aSpiritualitą - Testi.$0(OLS)http://semarc/subject/1342 830 0$aPiccola collana Charitas.$0(OLS)http://semarc/title/30668 850 $aSeMil 852 $aSeMil$W1$xVenegono$y1$m3F III 163$j136338$B136338$CSeMilBibl$Z2$F147870 $81 996 $6245$aDella completa offerta di sč a Dio$9(OLS)http://semarc/title/266834 996 $6260$aDomodossola :$bSALE Sodalitas$9(OLS)http://semarc/publisher/31684 LEADER 00769nam a2200181 i 4500 001 000000160849 003 CaOOAMICUS 005 20260423164311.0 008 070418n it u000 u ita u 040 $aSeMil$bita 245 10$aVolume 2. 300 $a287 p., [1] p. di ritratto + [2] c. di tav. 500 $aIn appendice : Biografie ; Opere ; Discorsi ; Articoli ; Carlo Cattaneo ed il Gottardo ; G. Lanza e Stefano Jacini. 773 0 $aJacini, Stefano <1886-1952>$tConservatore rurale della nuova Italia.$dBari : Laterza & Figli, 1926.$kBiblioteca di cultura moderna$w()17644 850 $aSeMil 852 $aSeMil$W1$xVenegono$y1$m3U I 734/2$j270817$B112298$CSeMilBibl$Z2$F122463 $81 996 $6245$aVolume 2$9(OLS)http://semarc/title/11564